Programming Windows 95 With Disk (Record no. 295276)

MARC details
000 -LEADER
fixed length control field 00437nam a2200169Ia 4500
008 - FIXED-LENGTH DATA ELEMENTS--GENERAL INFORMATION
fixed length control field 230718s9999 xx 000 0 und d
041 ## - LANGUAGE CODE
Language code of text/sound track or separate title eng
082 ## - DEWEY DECIMAL CLASSIFICATION NUMBER
Classification number 005.43
Item number PET
100 ## - MAIN ENTRY--PERSONAL NAME
Personal name Petzold C.
245 ## - TITLE STATEMENT
Title Programming Windows 95 With Disk
260 ## - PUBLICATION, DISTRIBUTION, ETC. (IMPRINT)
Date of publication, distribution, etc. 1996
Name of publisher, distributor, etc. Microsoft Press
300 ## - PHYSICAL DESCRIPTION
Extent 1100
Accompanying material [OBSOLETE, CAN/MARC] Ref 307 C (6481)
365 ## - TRADE PRICE
Currency code Rs.
Price amount 1346.25
500 ## - GENERAL NOTE
Keywords 307 C
700 ## - ADDED ENTRY--PERSONAL NAME
Personal name Petzold C.
906 ## - LOCAL DATA ELEMENT F, LDF (RLIN)
d B:673006-May-1996
c COMP
b 201.94
Holdings
Withdrawn status Lost status Source of classification or shelving scheme Reference No Damaged status Not for loan Home library Current library Date acquired Vendor Budget Code Cost, normal purchase price Bill number Full call number Barcode Date last seen Discount Cost, replacement price Bill Date Koha item type Original Barcode
    Dewey Decimal Classification Ref 307 C (6481)   Reference Cummins College of Engineering for Women Pune Cummins College of Engineering for Women Pune 09/05/1996 Technical Book Services COMP 1144.31 6730 005.43 CCEP-BK-6481 18/07/2023 201.94 1346.25 06/05/1996 Books 006481